| 000 | 00456nam a2200109 a 4500 | ||
|---|---|---|---|
| 008 | 120416s9999 xx |||||||||||||| || u | ||
| 050 | _aNA 8360 Kop | ||
| 100 | _aKoppelkamm, Stafan | ||
| 245 | 1 | 0 |
_aGlasshouses and winter gardens of the nineteenth century _ctranslated by Katherine Talbot |
| 350 | _a0.00 | ||
| 995 |
_D0.00 _FCBU-MAIN LIBRARY (Kitwe) _H1 _I9.95 _UAVAILABLE _ZMain Library Open Access Collection |
||
| 999 |
_c44601 _d44601 |
||